000 01699nam2a22002531 4500
001 RU\NLR\INFOCOMM19\1000039580
005 20250617161850.0
035 _a(NLR Aleph) 002771285
090 _a2321204
_c2321204
100 _a20040224d1985 |||y0rusy50 ca
101 0 _arus
102 _aRU
105 _ay |||||||||
200 1 _aИспользование передового опыта изучения спроса - путь повышения эффективности работы торговли
_fЛ.И. Кондракова и др.
210 _d1985
_aБ. м.
461 0 _1001RU\NLR\INFOCOMM19\1000039534
_12001#$aГосударственная торговля$iСерия "Изучение конъюнктуры торговли и спроса населения на товары народного потребления"$fМ-во торг. СССР. ЦНИИ науч., техн. и экон. информации в торговле и обществ. питании. Обзорная информация$v1985, Вып.1
_92320807
_cМ.
_d1972-
_fМ-во торг. СССР. ЦНИИ науч., техн. и экон. информации в торговле и обществ. питании. Обзорная информация
_iСерия "Изучение конъюнктуры торговли и спроса населения на товары народного потребления"
_tГосударственная торговля
_v1985, Вып.1
700 1 _aКондракова
_bЛ.И.
_4070
801 1 _aRU
_bInfoComm
_c20040224
801 0 _aRU
_bNLR
_gPSBO
852 _aNLR
_jП22/3609
942 _cISSUE
980 _aNB
980 _aRUSPER